Cloud computing : (رقم التسجيلة. 42619)
[ عرض عادي ]
| 000 -الفاتح | |
|---|---|
| حقل البيانات ثابتة الطول | 00935cam a2200253 i 4500 |
| 003 - محدد رقم الضبط | |
| رقم الضبط | OSt |
| 005 - وقت وتاريخ اخر تعامل مع التسجيلة | |
| رقم الضبط | 20180817171902.0 |
| 008 - عناصر البيانات ثابتة الطول - معلومات عامة | |
| حقل البيانات ثابتة الطول | 130404s2013 njua 001 0 eng |
| 020 ## - الرقم الدولى المعيارى للكتب | |
| الرقم الدولى المعيارى للكتاب | 9780133387520 (hardback : alk. paper) |
| 040 ## - مصدر الفهرسة | |
| وكالة الفهرسة الأصلية | DLC |
| لغة الفهرسة | eng |
| وكالة النسخ | DLC |
| قواعد الوصف | rda |
| وكالة التعديل | DLC |
| 042 ## - رمز التحقق | |
| رمز التحقق | pcc |
| 050 00 - رقم طلب مكتبة الكونجرس | |
| رقم التصنيف | QA76.585 |
| رقم المادة | .E75 2013 |
| 082 00 - رقم تصنيف ديوى العشرى | |
| رقم التصنيف | 004.6782 |
| رقم الطبعة | 23 |
| رقم المادة | ETC |
| 100 1# - المدخل الرئيسى - إسم شخصى | |
| الإسم الشخصى | Erl, Thomas. |
| 9 (RLIN) | 64285 |
| 245 10 - بيان العنوان | |
| العنوان | Cloud computing : |
| بقية العنوان | concepts, technology, & architecture / |
| بيان المسئوليه,etc | Thomas Erl, Zaigham Mahmood and Richardo Puttini. |
| 300 ## - الوصف المادى | |
| التعداد | xxxiv, 487 pages : |
| تفاصيل ماديه اخرى للوعاء | illustrations ; |
| أبعاد الوعاء | 24 cm |
| 500 ## - تبصرة عامة | |
| تبصرة عامة | Includes index. |
| 650 #0 - المدخل الاضافى بالموضوع-مصطلح موضوعى | |
| مصطلح موضوعي أو اسم جغرافي كعنصر مدخل | Cloud computing. |
| 9 (RLIN) | 64286 |
| 700 1# - المدخل الاضافى - اسم شخصى | |
| الإسم الشخصى | Puttini, Richardo, |
| التواريخ المصاحبة للاسم | 1974- |
| 9 (RLIN) | 64287 |
| 700 1# - المدخل الاضافى - اسم شخصى | |
| الإسم الشخصى | Mahmood, Zaigham. |
| 9 (RLIN) | 64288 |
| 942 ## - عناصر المدخل الإضافي( كوها) | |
| Koha [default] item type | كتاب |
| 906 ## - عنصر بيانات محلى F, LDF (RLIN) | |
| a | 7 |
| b | cbc |
| c | orignew |
| d | 1 |
| e | ecip |
| f | 20 |
| g | y-gencatlg |
| حالة الفقد | نموذج السعر الفعال | حالة تلف | ليس للاعارة | رقم الطلب | تاريخ الاكتساب | الموقع الحالي | الباركود | الفرع الرئيسي | Total Renewals | Date last checked out | Date last seen | نوع المادة فى نظام كوها | مصدر التصنيف او خطة الترفيف | Total Checkouts | مُعار |
|---|---|---|---|---|---|---|---|---|---|---|---|---|---|---|---|
| 2018-08-17 | 004.6782 ETC | 2018-08-17 | المكتبة المركزية بالمجمعة (CL) | 00656975 | المكتبة المركزية بالمجمعة (CL) | 1 | 2023-03-27 | 2023-09-03 | كتاب | Dewey Decimal Classification | 2 | ||||
| 2018-08-17 | 004.6782 ETC | 2018-08-17 | المكتبة المركزية بالمجمعة (CL) | 00656977 | المكتبة المركزية بالمجمعة (CL) | 2018-08-17 | كتاب | Dewey Decimal Classification | |||||||
| 2018-08-17 | 004.6782 ETC | 2018-08-17 | مكتبة مجمع الطالبات بالمجمعة (EMF) | 00656976 | المكتبة المركزية بالمجمعة (CL) | 1 | 2020-01-30 | 2020-01-30 | كتاب | Dewey Decimal Classification | 1 | 2025-01-19 |
